000 00533nam a2200169Ia 4500
003 IN-BaIIA
008 211028s9999 xx 000 0 eng d
040 _cIIA Library
080 _a535.33
_bTUC
100 _aTuckerman, Alfred
_92557
245 0 _aIndex to the literature of the spectroscope 1887-1900
_cAlfred Tuckerman
260 _aWashington
_bThe Smithsonian
_c1902
300 _a373p.
650 _aAstronomy and Astrophysics Thesaurus
650 _aSpectroscopy
_91535
942 _cBK
999 _c1222
_d1222